Quizzes
Events
Quiz Creation
Community
Videos
Private Events
Remove Ads
Sign In
Join for FREE
Feedback
Dark Mode
Quiz Categories
Sports
Geography
Music
Movies
Television
Just For Fun
Miscellaneous
History
Literature
Language
Science
Gaming
Entertainment
Religion
Holiday
For Kids
Quiz Lab
Recent
Popular Today
Quiz Kudos Today
Editor Picks
Curator Picks
Quizzes by...
Day
Popularity
Type
Ratings
Length
Year
Community
Subscriptions
Recent Discussions
Orange Saloon
Badges
Playlists
Quests
Create
Leaderboards
Showdown
Live 5
Trivia Bingo
Activity
Puzzle Library
Sporcle Events
Private Events
Virtual Trivia
Globe League
Become a Host
Pub Owners
SporcleCon
Opinionation
Our Games
Videos
Blog
Mobile Apps
Partnerships
Remove Ads and Go Orange
Feedback
Movies
Disney
Marvel Cinematic Universe
Movie Resume
Movie Titles
Oscar
Actor
Actress
Director
Pixar
Role
Movie Quotes
Movie Characters
Box Office
Nominee
Best Picture
Star Wars
James Bond
Horror Movies
Movies
Disney
Marvel Cinematic Universe
Movie Resume
Movie Titles
Oscar
Actor
Actress
Director
Pixar
Role
Movie Quotes
Movie Characters
Box Office
Nominee
Best Picture
Star Wars
James Bond
Horror Movies
Random Quiz
Search Sporcle
×
Quiz Lab
Quiz Lab
Movies
Clickable
Select answers by clicking on text or image buttons
Select answers by clicking on text or image buttons
Clickable
Best Score? Go Orange.
Famous Directors Shooting Gallery Stats
Can you pick the movies which were directed by the given directors?
By
GreenDragon
5m
55 Questions
3,343 Plays
3,343 Plays
3,343 Plays
Comments
Comments
Give Quiz Kudos
Give Quiz Kudos
-
- Ratings
hide this ad
Forced Order
Answers have to be entered in order
Answers have to be entered in order
Replay
Link that replays current quiz
Next Quiz
Link to next quiz in quiz playlist
You Got
0%
They Got
Avg Score
79%
Avg Friend Score
Upgrade to see
Score Distribution
Jump to the score distribution portion of the page
Score
0/55
Timer
05:00
0
Plays Today
% Correct
E.T. the Extra-Terrestrial
97.5%
Schindler's List
95.1%
Jaws
94.7%
A Clockwork Orange
94.3%
Jurassic Park
94.1%
Indiana Jones and the Last Crusade
93.7%
Saving Private Ryan
93.5%
Raiders of the Lost Ark
93.1%
The Birds
92.3%
2001: A Space Odyssey
92.2%
Annie Hall
91.7%
Psycho
91.6%
Rear Window
91.3%
Vertigo
90.5%
Dial M for Murder
89.2%
The Lord of the Rings: The Two Towers
88.8%
Titanic
88.7%
North by Northwest
88.4%
The Hobbit: The Desolation of Smaug
88.3%
Avatar
88.1%
Hannah and Her Sisters
85.3%
Catch Me If You Can
85.1%
Manhattan
85%
Full Metal Jacket
84.9%
The Shining
84.7%
Dr. Strangelove
82.6%
The Godfather Part II
82.5%
JFK
81.8%
% Correct
King Kong
78.7%
Platoon
78.5%
Munich
78.4%
Bullets Over Broadway
78.2%
Terminator 2: Judgment Day
77.7%
Born on the Fourth of July
76%
Apocalypse Now
75.9%
Broadway Danny Rose
75.5%
The Color Purple
75.1%
Rebecca
73.8%
Natural Born Killers
73.3%
The 39 Steps
71.9%
Crimes and Misdemeanors
71.3%
Amadeus
69%
Rosemary's Baby
68.9%
Wall Street
68.9%
Lolita
66.9%
One Flew Over the Cuckoo's Nest
65%
Nixon
64.9%
Heavenly Creatures
64.6%
Barry Lyndon
64.3%
Spartacus
63.3%
Sleeper
60%
Man on the Moon
55.5%
Paths of Glory
53.5%
The People vs. Larry Flynt
53%
Hair
50.7%
Quiz Playlist
Details
Report
Send in Message
Add To Playlist
Clickable:
Select answers by clicking on text or image buttons
Forced Order:
Answers have to be entered in order
Last Updated: Feb 16, 2017
Quiz Scoreboard
CHALLENGE
Sign Up to Join the Scoreboard
Show All
Scores
Hide
Comments
May contain spoilers
Recently Published
9x9 Crossword: Cartoon Network
by jackfrog10
Miscellaneous
3m
College Basketball Coaching Resumes
by pancakes188
Sports
9m
Billboard Blitz: Fleetwood Mac
by CooCooCachoo
Music
15s
More to Explore
Quiz From the Vault
Featured Blog Post
Where Did the Easter Bunny Come From?
hide this ad
You Might Also Like...
Tags
Clickable Quiz
Director Quiz
Alfred Hitchcock
Countdown
Film Director
Matching
Oliver Stone
Shooting
Shooting Gallery
Steven Spielberg
Woody Allen
Today's Top Quizzes in Movies
Browse Movies
hide this ad
Today's Top Quizzes in Clickable
Browse Clickable
Top Contributed Quizzes in Movies
1
Pick 5 Posters: Directed by Spielberg
2
7-to-1: Pixar Characters
3
Pick 5 Posters: Lowest-Rated Spielberg
4
Sorting Actors
5
Sorting Actresses
6
Pick 5 Posters: Directed by Scorsese
7
Hidden Star Wars Character II
8
Pick 5 Posters: Star & Director
9
Hidden Star Wars Character III
10
12 Movies about Fictional 1960s Events
Explore More
Trending Topics
Anime
Harry Potter
Crossword
NBA
Marvel
Kpop
Disney
Puzzle
Song
WWE
Soccer
The Office
Country
Pokémon
NFL
hide this ad
More By:
GreenDragon
Quiz
Plays
Rating
Category
Featured
Created
North American Cities Sorting Blitz
110,762
4.46
Geography
May 28, 2014
FIFA World Cup: Defending Champion Losses
103,211
4.62
Sports
Jun 14, 2014
Famous Leaders by Their Deaths
53,167
4.74
History
Jul 15, 2015
Weird Websites of the World
44,667
4.32
Miscellaneous
Mar 29, 2014
10 Closest Capitals to Ljubljana
33,925
4.79
Geography
May 4, 2014
Go to Creator's Profile
Score Distribution
Quiz Creator Spotlight
GreenDragon
Follow
Send a Message
Quizzes Created
-
Created Quiz Play Count
-
More By This Creator
Popular Quizzes Today
1
Find the US States - No Outlines Minefield
2
Find the Countries of Europe - No Outlines Minefield
3
The Countries of the World
4
Find the US States
5
Risky Map Clicking: Biggest States A-Z
6
US States
7
Popular People in 1961
8
Movies - When Are They Set?
More Movies Quizzes
Actors 10-to-1 Movies - Part 56 - 80s Stars III
Quiz Lab
Trending Quizzes
Risky Map Clicking: Least Populous States A-Z
1-10 Letter G Words
1-10 Letter F Words
Risky Map Clicking: Next State Alphabetically
Adjectives in 80s TV Shows
Recently Updated
Leaping Animals
pecheneg
Reality TV Shows (A-Z)
bhenderson79
Rickey Henderson's Hall of Fame Teammates
pecheneg
Champions League XIs: Arsenal
pecheneg
Quick Pick: Celebrities in WWE's Hall of Fame
aduchscher
A-Z Keypad Blitz II
pecheneg
Multiple Oscar Actors
pecheneg
Mystery Phrase Blitz: Oscar 'Best Actors'
pecheneg
F. Scott Fitzgerald Novels
LTH
Pick 3 Villains
ddd62291
Trending Topics
Crossword
Marvel
Harry Potter
NBA
Anime
Disney
Kpop
Soccer
Puzzle
Pokémon
NFL
The Office
WWE
Song
Country
Your Account Isn't Verified!
In order to create a playlist on Sporcle, you need to verify the email address you used during registration. Go to your
Sporcle Settings
to finish the process.
Report this User
Report this user for behavior that violates our
Community Guidelines
.
Details:
Send Report
Go to the Sporcle.com Mobile Site →
Comments